000 00753nas a2200253 4500
001 BR9804877
003 BR-BrBNA
005 20231205101124.0
007 ta
008 230509b bl.|||p| |||| 00| 00por d
040 _aBR-BrBNA
_bpor
_cBiblioteca Nacional de Agricultura
041 _a(En)
072 _aF62
100 1 _aMarenco, R.A.
100 1 _aLopes, N.F.
245 1 _aSolar radiation conversion efficiency and growth of soybean plants treated with herbicides
650 _aSoja
650 _aHerbicida
650 _aCrescimento
650 _aRadiacao Solar
773 0 _tRevista Ceres (Brazil)
_xISSN 0034-737X
_g(May-Jun 1998), v. 45(259) p. 265-275
_wBR9804877
909 _a202311
_bLúcia
_c55
_dLúcia Elande
942 _2AGRIS
_n0
_cANA
999 _c159859
_d159859